Sports Quiz

Random Sports Quiz

Top 10 AC Milan goalscorers Quiz Stats

 Plays Quiz not verified by Sporcle

Score 0/10 Timer 03:00
0 Plays Today
Year Player % Correct
2001-Filippo Inzaghi
80%
1999-2006/2008-2009Andriy Shevchenko
72.4%
1987-1995Marco Van Basten
60%
1948-1956Gunnar Nordahl
55.7%
1960-1979Gianni Rivera
39.5%
1966-1973Pierino Prati
12.4%
1958-1965José Altafini
5.4%
1910-1915Louis Van Hege
4.9%
1936-1945Aldo Boffi
3.2%
1921-1932Giuseppe Santagostino
2.2%

You're not logged in!

Compare scores with friends on all Sporcle quizzes.
OR
Log In

Show Comments

Extras

Top Quizzes Today


Score Distribution

Your Account Isn't Verified!

In order to create a playlist on Sporcle, you need to verify the email address you used during registration. Go to your Sporcle Settings to finish the process.

Report this User

Report this user for behavior that violates our Community Guidelines.

Details: